000 00961naa a2200241 4500
005 20110810145620.0
008 110810t xxu||||| |||| 00| 0 eng d
010 _aENG-103356
020 _c120.00
_a9789380335881
035 _aEN-86889
037 _bDBAD/PUB
040 _aDPL
_bEng
082 _a230.3
100 _932587
_aRajagopalachari, Parthasarathi
245 1 _aHeart speak 2010 /
_cby Parthasarathi Rajagopalachari
260 _aKolkata
_bSpiritual Hierarchy Publication Trust
_c2011
270 _a"Divine Bliss", North Block, 2/3 Judges Court Road,
_bKolkata
_e700027
300 _a264p. :
_c22cm (pbk)
_bcol. photo
700 _932860
942 _adpl
_cEN
_2ddc
_mRAJ
_h230.3
999 _c55606
_d55606